Principles of macroeconomics. / (Record no. 3108)
[ view plain ]
| 000 -LEADER | |
|---|---|
| fixed length control field | 01445nam a22001937a 4500 |
| 008 - FIXED-LENGTH DATA ELEMENTS--GENERAL INFORMATION | |
| fixed length control field | 140709b xxu||||| |||| 00| 0 eng d |
| 020 ## - INTERNATIONAL STANDARD BOOK NUMBER | |
| International Standard Book Number | 10017650242 |
| 050 ## - LIBRARY OF CONGRESS CALL NUMBER | |
| Classification number | HB172.5.M356 |
| 100 ## - MAIN ENTRY--PERSONAL NAME | |
| Personal name | Mankiw, Gregory N. |
| 245 ## - TITLE STATEMENT | |
| Title | Principles of macroeconomics. / |
| Statement of responsibility, etc. | Gregory N. Mankiw |
| 250 ## - EDITION STATEMENT | |
| Edition statement | 5th ed. |
| 260 ## - PUBLICATION, DISTRIBUTION, ETC. | |
| Place of publication, distribution, etc. | U.S.A: |
| Name of publisher, distributor, etc. | Nelson Education, |
| Date of publication, distribution, etc. | 2011. |
| 300 ## - PHYSICAL DESCRIPTION | |
| Extent | xxix,469p.: |
| Other physical details | il.; |
| Dimensions | 24cm. |
| 500 ## - GENERAL NOTE | |
| General note | Includes index and glossary. |
| 505 ## - FORMATTED CONTENTS NOTE | |
| Formatted contents note | Contents: Introduction: Ten principles of economics -- Thinking like an economist -- Interdependence and the gains -- Supply and demand: How markets work: The market forces of supply and demand -- The data of macroeconomics: Measuring a nation's income -- Measuring the cost of living -- The real economy in the long run: Production and growth -- Saving, investment and the financial system -- Unemployment and its natural rate -- Money and prices in the long run: The monetary system -- Money growth and inflation -- The macroeconomics of open economies: Open-economy macroeconomics: Basic concepts -- A macroeconomic theory of the open economy -- Short-run economic fluctuations: Aggregate demand and aggregate supply -- The influence of monetary and fiscal policy on aggregate demand -- The short-run tradeoff between inflation and unemployment -- Final thoughts: Five debates over macroeconomic policy. |
| 700 ## - ADDED ENTRY--PERSONAL NAME | |
| Personal name | Kneebone, Ronald D. |
| 700 ## - ADDED ENTRY--PERSONAL NAME | |
| Personal name | Mckenzie, Kenneth J. |
| 942 ## - ADDED ENTRY ELEMENTS (KOHA) | |
| Source of classification or shelving scheme | Library of Congress Classification |
| Koha item type | Books |
| Withdrawn status | Lost status | Source of classification or shelving scheme | Damaged status | Not for loan | Home library | Current library | Shelving location | Date acquired | Total Checkouts | Full call number | Barcode | Date last seen | Copy number | Price effective from | Koha item type |
|---|---|---|---|---|---|---|---|---|---|---|---|---|---|---|---|
| Library of Congress Classification | WISCONSIN INTERNATIONAL UNIVERSITY COLLEGE, GHANA - MAIN LIBRARY | WISCONSIN INTERNATIONAL UNIVERSITY COLLEGE, GHANA - MAIN LIBRARY | Reference | 09/07/2014 | HB172.5.M356 | 7530/558/13 | 09/07/2014 | 1 | 09/07/2014 | Books |
